新約文學與神學 : 後期著作及背景 Xin yue wen xue yu shen xue : hou qi zhu zuo ji bei jing = Introducing the New Testament : Its literature and theology (Part III) {ch} / (Record no. 38411)
[ view plain ]
| 000 -LEADER | |
|---|---|
| fixed length control field | 02103nam a22002537a 4500 |
| 005 - DATE AND TIME OF LATEST TRANSACTION | |
| control field | 20150630101344.0 |
| 008 - FIXED-LENGTH DATA ELEMENTS--GENERAL INFORMATION | |
| fixed length control field | 130918s2006 ch g |||| 00| 0 chi|d |
| 020 ## - INTERNATIONAL STANDARD BOOK NUMBER | |
| International Standard Book Number | 9789622086876 |
| 020 ## - INTERNATIONAL STANDARD BOOK NUMBER | |
| International Standard Book Number | 962208687X |
| 050 04 - LIBRARY OF CONGRESS CALL NUMBER | |
| Classification number | BS2330.3 |
| Item number | A24 |
| 100 ## - MAIN ENTRY--PERSONAL NAME | |
| Personal name | 亞德邁耶 Achtemeier, Paul J. |
| 245 ## - TITLE STATEMENT | |
| Title | 新約文學與神學 : 後期著作及背景 Xin yue wen xue yu shen xue : hou qi zhu zuo ji bei jing = Introducing the New Testament : Its literature and theology (Part III) {ch} / |
| Statement of responsibility, etc | 亞德邁耶, 格林, 湯瑪恩合著 ; 伍美詩譯 [= Maze Mei-sze Ng] = Introducing the New Testament / Paul J. Achtemeier, Joel B. Green, Marianne Meye Thompson. 伍美詩. ; Paul J Achtemeier; Joel B Green; Marianne Meye Thompson; Meishi Wu |
| 250 ## - EDITION STATEMENT | |
| Edition statement | 初版 |
| 260 ## - PUBLICATION, DISTRIBUTION, ETC. (IMPRINT) | |
| Place of publication, distribution, etc | 香港 : |
| Name of publisher, distributor, etc | 天道書樓有限公司 Tian dao shu lou you xian gong si, |
| Date of publication, distribution, etc | 2006. |
| 300 ## - PHYSICAL DESCRIPTION | |
| Extent | 274 p. ; |
| Dimensions | 21 cm. |
| 440 ## - SERIES STATEMENT/ADDED ENTRY--TITLE | |
| Title | Wen xue shi jing xi lie. |
| 500 ## - GENERAL NOTE | |
| General note | Translation of: Introducing the New Testament : its literature and theology / Paul J. Achtemeier, Joel B. Green, Marianne Meye Thompson.; Grand Rapids, Mich. : W.B. Eerdmans, 2001. |
| 504 ## - BIBLIOGRAPHY, ETC. NOTE | |
| Bibliography, etc | Includes bibliographical references. |
| 520 ## - SUMMARY, ETC. | |
| Summary, etc | 《新約文學與神學》系列適合由初次接觸基督教聖經,到研經者的最佳新約著作導覽。由三位頂尖聖經專家執筆,本書以清晰平衡的角度,透過仔細閱讀經文,帶出新約的文學、信息及課題。尤其適合用作新約入門的教科書。<br/><br/><br/>本書的一大特色,就是特別關注歷史批判的課題。作者要為讀者解釋新約背景、內容,及神學。本書假設讀者是不熟悉現時學術辯論的新約初學者。而作者們亦基於一個信念,就是不須要靠這些學術辯論的背景,也可以涉足當中重要的課題。因此本書的設計正是幫助讀者以敏銳的眼光,及嚴格的思考,去欣賞新約中的主要人物及經文的重點。 |
| 630 ## - SUBJECT ADDED ENTRY--UNIFORM TITLE | |
| Uniform title | Bible. |
| Name of part/section of a work | N.T. |
| General subdivision | Introductions {ch}. |
| 700 ## - ADDED ENTRY--PERSONAL NAME | |
| Personal name | 格林 Green, Joel B. |
| 700 ## - ADDED ENTRY--PERSONAL NAME | |
| Personal name | 湯瑪恩合 Thompson, Marianne Meye |
| 942 ## - ADDED ENTRY ELEMENTS (KOHA) | |
| Source of classification or shelving scheme | Library of Congress Classification |
| Item type | Books |
| Withdrawn status | Lost status | Source of classification or shelving scheme | Damaged status | Not for loan | Home library | Current library | Shelving location | Date acquired | Accession number | Total Checkouts | Full call number | Barcode | Date last seen | Price effective from | Koha item type |
|---|---|---|---|---|---|---|---|---|---|---|---|---|---|---|---|
| Library of Congress Classification | BSOP Library | BSOP Library | Chinese Books (General Circulation) | 06/30/2015 | C-13038 | CH BS2330.3 A24 | 00045438 | 06/30/2015 | 06/30/2015 | Books |
